Μαθαίνοντας απ' τα παιδιά : ο δρόμος για τη συντροφική διαπαιδαγώγηση
Saved in:
| Main Author: | |
|---|---|
| Format: | Book |
| Language: | Greek |
| Published: |
Αθήνα :
Κονιδάρης,
1981
|
| Subjects: | |
| Tags: |
Add Tag
No Tags, Be the first to tag this record!
|
MARC
| LEADER | 00000nam a2200000 i 4500 | ||
|---|---|---|---|
| 001 | 1/84112 | ||
| 008 | 960627s1981 gre d | ||
| 035 | |a 1986 |c Αγορά |l 10034363 | ||
| 040 | |a GR-MY-UA |b gre |e aacr | ||
| 041 | 0 | |a gre | |
| 082 | 0 | |a 155.4 | |
| 100 | 1 | |a Kner, Edeltraut. | |
| 245 | 1 | 0 | |a Μαθαίνοντας απ' τα παιδιά : |b ο δρόμος για τη συντροφική διαπαιδαγώγηση / |c Edeltraut Kner |
| 260 | |a Αθήνα : |b Κονιδάρης, |c 1981 | ||
| 300 | |a 175 σ. | ||
| 650 | 0 | 0 | |a Child psychology. |
| 650 | 0 | 0 | |a Child rearing. |
| 650 | 0 | 0 | |a Children and adults. |
| 852 | |a INST |b RHODES |e 19960627 |h 155.4 KNE |p 005400004893 |q 005400004893 |t BK |y 12 | ||
| 852 | |a INST |b RHODES |e 20010322 |h 155.4 KNE |p 005400017179 |q 005400017179 |t BK |y 0 | ||
| 909 | |a Ρ |b 003312 |c 1986 | ||
| 909 | |a Ρ |b 084860 |c 2001 | ||
| 922 | |a 4ΔΩΡ |b 200103 |c ΔΩΡΕΑ | ||